[Event "Guernsey Holiday op 42nd"]
[Site "Guernsey"]
[Date "2016.10.21"]
[Round "6"]
[White "Derrick, Neil"]
[Black "Foran, Barry"]
[Result "1/2-1/2"]
[WhiteElo "1829"]
[BlackElo "1394"]
[PlyCount "62"]
[EventDate "2016.10.16"]
[EventType "swiss"]
[EventRounds "7"]
[EventCountry "GCI"]
[SourceTitle "EXT 2022"]
[Source "ChessBase"]
[SourceDate "2021.10.06"]
[SourceVersion "1"]
[SourceVersionDate "2021.10.06"]
[SourceQuality "1"]

1. d4 c6 2. c4 d5 3. Nc3 Nf6 4. Nf3 dxc4 5. a4 Bf5 6. e3 e6 7. Bxc4 Bb4 8. 0-0 0-0 9. Qe2 Bg6 10. Ne5 Nbd7 11. Nxg6 hxg6 12. Rd1 Qa5 13. Bd2 Rfe8 14. Qe1 e5 15. Nb1 Bxd2 16. Qxd2 Qxd2 17. Rxd2 Nb6 18. Bb3 exd4 19. Rxd4 Rad8 20. Nc3 Rxd4 21. exd4 Rd8 22. Rd1 a5 23. Kf1 Nbd5 24. h3 Kf8 25. Re1 Nb4 26. Rd1 Nfd5 27. g3 f5 28. Nxd5 Nxd5 29. Ke2 Kf7 30. Kd3 Kf6 31. Bxd5 cxd5 1/2-1/2

[Event "Guernsey Holiday op 42nd"]
[Site "Guernsey"]
[Date "2016.10.19"]
[Round "4"]
[White "Gunn, Michael J"]
[Black "Derrick, Neil"]
[Result "1-0"]
[WhiteElo "1649"]
[BlackElo "1829"]
[PlyCount "123"]
[EventDate "2016.10.16"]
[EventType "swiss"]
[EventRounds "7"]
[EventCountry "GCI"]
[SourceTitle "EXT 2022"]
[Source "ChessBase"]
[SourceDate "2021.10.06"]
[SourceVersion "1"]
[SourceVersionDate "2021.10.06"]
[SourceQuality "1"]

1. e4 c5 2. c3 Nf6 3. e5 Nd5 4. d4 cxd4 5. cxd4 d6 6. Nf3 Nc6 7. Bc4 e6 8. 0-0 Nb6 9. Bb3 dxe5 10. dxe5 Qxd1 11. Rxd1 Be7 12. Nc3 0-0 13. Be3 Nd7 14. Bf4 Nc5 15. Bc4 a6 16. a3 b5 17. Be2 b4 18. axb4 Nxb4 19. Nb5 Bb7 20. Nd6 Bd5 21. Rac1 Bxd6 22. exd6 Rac8 23. Rc3 Nb3 24. d7 Rcd8 25. Bd6 Na2 26. Rc7 Nac1 27. Bxa6 Na2 28. Bxf8 Kxf8 29. Rc8 Ke7 30. Rxd8 Kxd8 31. Bc8 Nb4 32. Ne5 Nc6 33. Nxc6+ Bxc6 34. Kf1 Bd5 35. f3 Nc5 36. Ke2 Nxd7 37. Bxd7 Kxd7 38. Rc1 f5 39. g3 g5 40. f4 g4 41. Kd3 Kd6 42. Kd4 Bc6 43. b4 Bd5 44. Rc8 h5 45. Rh8 Bf3 46. Rxh5 Be2 47. Rh8 Bb5 48. Rc8 Bc6 49. Rh8 Bb5 50. Rh7 Bc6 51. Ra7 Bb5 52. Ra5 Bc6 53. Ra6 Kc7 54. Kc5 Bd5 55. b5 Kb7 56. Rd6 Bb3 57. b6 Kc8 58. Rc6+ Kb8 59. Rc7 Bd5 60. Kd6 Bb3 61. Re7 Bc2 62. Rxe6 1-0